Manual de agricultura urbana (Record no. 107012)

MARC details
000 -LEADER
campo de control de longitud fija 01925nac a2200313 a 4500
003 - IDENTIFICADOR DE NÚMERO DE CONTROL
campo de control CO-PeBPM
005 - FECHA Y HORA DE LA ÚLTIMA TRANSACCIÓN
campo de control 20251206113608.0
008 - DATOS DE LONGITUD FIJA--INFORMACIÓN GENERAL
campo de control de longitud fija 251206s2024 ck a|||| |||| 00| 0 spa d
020 ## - NÚMERO INTERNACIONAL ESTÁNDAR DEL LIBRO
Número Internacional Estándar del Libro 9789588334332
040 ## - FUENTE DE CATALOGACIÓN
Centro catalogador/agencia de origen CO-PeBPM
Lengua de catalogación spa
Centro/agencia transcriptor CO-PeBPM
Normas de descripción rda
041 ## - CÓDIGO DE IDIOMA
Código de lengua del texto/banda sonora o título independiente spa
082 04 - NÚMERO DE LA CLASIFICACIÓN DECIMAL DEWEY
Número de clasificación 631.58 F981m
Número de edición 22
110 1# - ENTRADA PRINCIPAL--NOMBRE DE ENTIDAD CORPORATIVA
Nombre de entidad corporativa o nombre de jurisdicción como elemento de entrada Fundación Hogares Juveniles Campesinos
245 10 - MENCIÓN DEL TÍTULO
Título Manual de agricultura urbana
Resto del título : Tecnologías de agricultura orgánica
Mención de responsabilidad, etc. / Fundación Hogares Juveniles Campesinos
250 ## - MENCION DE EDICION
Mención de edición Edición especial
260 ## - PUBLICACIÓN, DISTRIBUCIÓN, ETC.
Lugar de publicación, distribución, etc. Bogotá, Colombia
Nombre del editor, distribuidor, etc. : Fundación Hogares Juveniles Campesinos
Fecha de publicación, distribución, etc. , 2024
300 ## - DESCRIPCIÓN FÍSICA
Extensión 160 páginas
Otras características físicas ilustraciones a color
Dimensiones 26 centimetros
490 ## - MENCIÓN DE SERIE
Mención de serie Plan Nacional de Lectura, Escritura y Oralidad / Ministerio de las Culturas, las Artes y los Saberes
500 ## - NOTA GENERAL
Nota general Incluye índice y glosario
501 ## - NOTA DE CON
Nota de "Con" Colección de actualización bibliográfica para la Red Nacional de Bibliotecas Públicas del Ministerio de las Culturas, de Lectura, Escritura y las Artes y los Saberes, en el marco del Plan Nacional de Lectura, Escritura, Oralidad y Bibliotecas "Leo la Vida", 2024
504 ## - NOTA DE BIBLIOGRAFÍA, ETC.
Nota de bibliografía, etc. Contiene bibliografía al final del texto
520 ## - RESUMEN, ETC.
Sumario, etc. La Fundación Hogares Juveniles Campesinos de Colombia es una entidad que desde el año 1970 ha venido transfiriendo a la juventud campesina y a la población del país en general tecnologías agrícolas con sentido social. Este es un manual cuyas partes, tanto teóricas como prácticas, están expresadas en una forma didáctica sencilla para que sean aplicadas por personas de todos los niveles culturales y académicos.
521 ## - NOTA DE PÚBLICO DESTINATARIO
Nota de público destinatario Recomendado para jóvenes y adultos
650 14 - PUNTO DE ACCESO ADICIONAL DE MATERIA--TÉRMINO DE MATERIA
Término de materia o nombre geográfico como elemento de entrada Agricultura urbana - Manuales
Fuente del encabezamiento o término LEMB
650 14 - PUNTO DE ACCESO ADICIONAL DE MATERIA--TÉRMINO DE MATERIA
Término de materia o nombre geográfico como elemento de entrada Innovaciones agrícolas - Manuales
Fuente del encabezamiento o término LEMB
650 14 - PUNTO DE ACCESO ADICIONAL DE MATERIA--TÉRMINO DE MATERIA
Término de materia o nombre geográfico como elemento de entrada Huertos urbanos - Manuales
Fuente del encabezamiento o término LEMB
942 ## - ELEMENTOS DE ENTRADA SECUNDARIOS (KOHA)
Fuente del sistema de clasificación o colocación Clasificación Decimal Dewey
Tipo de ítem Koha Libros
Suprimir en OPAC No
Holdings
Estatus retirado Estado de pérdida Fuente del sistema de clasificación o colocación Estado de daño No para préstamo Colección Biblioteca de origen Biblioteca actual Ubicación en estantería Fecha de adquisición Fuente de adquisición Total de préstamos Signatura topográfica completa Código de barras Visto por última vez Copia número Precio de reemplazo Tipo de ítem Koha
    Clasificación Decimal Dewey     General BIBLIOTECA PÚBLICA MUNICIPAL RAMON CORREA MEJIA BIBLIOTECA PÚBLICA MUNICIPAL RAMON CORREA MEJIA Colección general 06/10/2025 Donación Biblioteca Nacional   631.58 F981m 63095 06/12/2025 Ej. 1 06/12/2025 Libros

Powered by Koha